000 00579nam a2200217Ia 4500
003 OSt
005 20220918192030.0
006 a|||||r|||| 00| 0
007 ta
008 220917b |||||||| |||| 00| 0 eng d
024 _a66,618
037 _cTextual
040 _aARTS
_cARTS
_beng
041 _2eng
_aeng
082 _aR3xK32:9, G1 (TTR)
100 _aGibson James
_915892
245 0 _aLocke's theory of knowledge and its historical relations
260 _c1931
942 _hR3xK32:9, G1 (TTR)
_cTEXL
_2CC
999 _c192851
_d192851